Percepciones de amenaza: el conflicto ambiental /

Kaydedildi:
Detaylı Bibliyografya
Yazar: Rojas Aravena, Francisco
Diğer Yazarlar: Martin Faus, Carlos
Materyal Türü: Metin
Baskı/Yayın Bilgisi: Santiago: FLACSO
Etiketler: Etiketle
Etiket eklenmemiş, İlk siz ekleyin!

MARC

LEADER 00000 a a2200000 04500
001 24157
003
040
090 |a 170900  
100 |a Rojas Aravena, Francisco  
245 |a Percepciones de amenaza: el conflicto ambiental /  |c Francisco Rojas Aravena  
260 |a Santiago:   |b FLACSO  
300 |a 20 p.  
700 |a Martin Faus, Carlos  
999 |c 12332  |d 12332